| 000 | 00893nam a2200265Ia 4500 | ||
|---|---|---|---|
| 003 | OSt | ||
| 005 | 20220918171405.0 | ||
| 006 | a|||||r|||| 00| 0 | ||
| 007 | ta | ||
| 008 | 220917b |||||||| |||| 00| 0 eng d | ||
| 020 |
_a9781606233344 (hbk) _c2115.44 |
||
| 024 | _a241,059 | ||
| 037 |
_b09-08242, 16/12/2009, Atlantic Publisher & Dist.Pvt.Ltd. _cTextual |
||
| 040 |
_aARTS _cARTS _beng |
||
| 041 |
_2eng _aeng |
||
| 082 | _aS1:4, Q0 | ||
| 100 |
_aWaters Harriet Salatas Ed. _936277 |
||
| 245 | 0 | _aMetacognition,strategy use and instruction | |
| 260 |
_aNew York _bThe Guilford Press USA _c2010 |
||
| 300 |
_axvi,304p. _ccm. |
||
| 650 | _aPSYCHOLOGY | ||
| 700 |
_a Schneider Wolfgans Ed. _936278 |
||
| 942 |
_hS1:4, Q0 _cTEXL _2CC |
||
| 999 |
_c139347 _d139347 |
||